000 00499nam a2200193Ia 4500
008 101110s9999 xx 000 0 und d
041 _aENGLISH
082 _bJR2007
100 _aSaraf Mohan, Thorat Narayan
245 _aBook-Keeping and Accountancy Std. XI
365 _b30
520 _aCommerce
546 _aENGLISH
630 _aBook-Keeping and Accountancy Std. XI
650 _aCommerce
655 _aCommerce
730 _aBook-Keeping and Accountancy Std. XI
942 _cBOOK
999 _c793983
_d793980